Loading...
Medical Geography /
| Format: | Printed Book |
|---|---|
| Language: | English |
| Published: |
New delhi:
Academic Foundation,
1994.
|
| Edition: | 1st. |
| Subjects: |
| LEADER | 00577cam a2200205ua 4500 | ||
|---|---|---|---|
| 008 | 060815t1994||||||||||| 00 ||eng c | ||
| 020 | |a 81-7041-881-X | ||
| 041 | 0 | |a eng | |
| 082 | |a 614.42 |b MED | ||
| 245 | 1 | 0 | |a Medical Geography / |
| 250 | |a 1st. | ||
| 260 | |a New delhi: |b Academic Foundation, |c 1994. | ||
| 300 | |a 344p.. | ||
| 362 | 1 | |a 1994. | |
| 365 | |a RS.1000/- |e hb. | ||
| 504 | |a . | ||
| 650 | 0 | |a Forensic Medicine | |
| 942 | |c BK | ||
| 999 | |c 11636 |d 11636 | ||
| 952 | |0 0 |1 0 |4 0 |6 614_420000000000000_ME |7 0 |9 12130 |a KUCL |b KUCL |d 2014-05-23 |l 0 |o 614.42 ME |p 13513 |r 2014-05-23 |w 2014-05-23 |y BK | ||